Biología
Na minha lista:
| Autor principal: | |
|---|---|
| Outros Autores: | |
| Formato: | Livro |
| Idioma: | espanhol |
| Publicado em: |
Bogotá
McGraw Hill
1998
|
| Edição: | Décima edición |
| Assuntos: | |
| Tags: |
Adicionar Tag
Sem tags, seja o primeiro a adicionar uma tag!
|
MARC
| LEADER | 00000nam a2200000 a 4500 | ||
|---|---|---|---|
| 001 | UCP4825 | ||
| 003 | CL-VaPUC | ||
| 005 | 20240820155646.0 | ||
| 008 | 990821e19980000CK |||||||||||||||||spa|d | ||
| 999 | |c 282722 |d 282720 | ||
| 040 | |c Pontificia Universidad Católica de Valparaíso | ||
| 082 | 0 | 4 | |a 570 BER 1998 |2 21 |
| 100 | 0 | |a Bernstein, Ruth |9 432721 | |
| 245 | 1 | 0 | |a Biología |
| 250 | |a Décima edición | ||
| 260 | |a Bogotá |b McGraw Hill |c 1998 | ||
| 300 | |a 729 páginas | ||
| 583 | |a last modification |c 20171031 11:00:19 |k Rodrigo Vera | ||
| 650 | 0 | |a Biología |9 262022 | |
| 650 | 0 | |a Átomos |9 259583 | |
| 650 | 0 | |a Moléculas |9 259584 | |
| 650 | 0 | |a Fotosíntesis |9 261610 | |
| 650 | 0 | |a Reproducción |9 269783 | |
| 650 | 0 | |a Biología de las plantas |9 432723 | |
| 650 | 0 | |a Ecología |9 258124 | |
| 650 | 0 | |a Medio ambiente |9 257625 | |
| 650 | 0 | |a Ecosistemas |9 261477 | |
| 700 | 0 | |a Bernstein, Stephen |9 432722 | |
| 942 | |c BK |2 ddc | ||
| 945 | |d 19990821 00:00:00 |a rbrito | ||
| 952 | |0 0 |1 0 |2 ddc |4 0 |6 570_000000000000000_BER_1998 |7 0 |8 A |9 324917 |a BIBCUR |b BIBCUR |d 2019-11-20 |i 355256K |l 3 |m 1 |o 570 BER 1998 |p 355256K |r 2025-04-22 |s 2023-10-05 |t 1 |w 2019-11-20 |y BK |k BIO | ||